• 首页
  • 本馆介绍
  • 公告通知
  • 最新文献
  • 馆藏检索
  • 电子资源
  • 读者导购
  • 参考咨询
  • 我的图书馆
  • 登录
  • 详细信息显示
  • 放入我的书架
  • 预约/预借图书
  • 作者相关作品
  • 分类相关作品
  • 丛书相关作品
  • 出版社相关作品

书目信息

  • 表格格式
  • 工作单格式
  • 卡片格式
题名:
超导磁体系统的稳定化
    
 
作者: 阿尔托夫 , Альтов 著 ;焦正宽 , 张其瑞 译
分册:  
出版信息: 北京   国防工业出版社  1982
页数: 288页
开本: 21cm
丛书名:
单 册:
中图分类: TM26
科图分类:
主题词: 超导磁铁-稳定性 , 稳定性-超导磁铁
电子资源:
ISBN:
000 01053nam0 2200301 45
001 0182011186
005 20060820151156.84
010    @dCNY1.15
091    @a15034.2358
100    @a19950608d1982 emky0chiy0121 ea
101 1  @achi@crus
102    @aCN@b110000
105    @ay z 000yy
200 10 @a超导磁体系统的稳定化@Achao dao ci ti xi tong de wen ding hua@f(苏)阿尔托夫(В.А.Альтов)著@g焦正宽,张其瑞译
210    @a北京@c国防工业出版社@d1982
215    @a288页@d21cm
300    @a书名原文:Стабилизация сверхпроводящих магнитных систем
510 1  @aСтабилизация сверхпроводящих магнитных систем@zrus
606    @a超导磁铁-稳定性
606    @a稳定性-超导磁铁
690    @aTM26@v3
701  1 @a阿尔托夫@Aa er tuo fu@bВ.А.@4著
701 A1 @aАльтов@bВ.А.@4著
702  0 @a焦正宽@Ajiao zheng kuan@4译
702  0 @a张其瑞@Azhang qi rui@4译
801  0 @aCN@bTSSF@c20060820
801  2 @aCN@bNLC@c20060814
905    @a10447@dTM26@e15
    
    超导磁体系统的稳定化/(苏)阿尔托夫(В.А.Альтов)著/焦正宽,张其瑞译.-北京:国防工业出版社,1982
    288页;21cm
    书名原文:Стабилизация сверхпроводящих магнитных систем
    
    ISBN :CNY1.15
    
●
相关链接 在E读中查询图书 在五车中查询图书 在当当中查询图书 在豆瓣中查询图书


正题名:超导磁体系统的稳定化     索取号:TM26/15         预约/预借

序号 登录号 条形码 馆藏地/架位号 状态 备注
1 0458216   204582166   密集书库/ [索取号:TM26/15] 在馆    
2 0470402   204704025   密集书库/ [索取号:TM26/15] 在馆    
唐山师范学院图书馆 欢迎您!
大连网信软件有限公司© 版权所有